Vedic nighantu/ (Record no. 49504)

000 -LEADER
fixed length control field 00334nam a22001451a 4500
082 ## - DEWEY DECIMAL CLASSIFICATION NUMBER
Classification number 294.5921
Item number BHA/V
100 ## - MAIN ENTRY--AUTHOR NAME
Personal name Bhat G N
245 ## - TITLE STATEMENT
Title Vedic nighantu/
Statement of responsibility, etc by Bhat G N
260 ## - PUBLICATION, DISTRIBUTION, ETC. (IMPRINT)
Place of publication Mangalore:
Name of publisher Digantha Mudrana,
Year of publication 1992.
300 ## - PHYSICAL DESCRIPTION
Number of Pages 198p.
650 ## - SUBJECT ADDED ENTRY--TOPICAL TERM
Topical Term Vedic Literature
650 ## - SUBJECT ADDED ENTRY--TOPICAL TERM
Topical Term Hinduism
650 ## - SUBJECT ADDED ENTRY--TOPICAL TERM
Topical Term Religion
942 ## - ADDED ENTRY ELEMENTS (KOHA)
Koha item type Book
Holdings
Withdrawn status Lost status Damaged status Not for loan Permanent Location Current Location Date acquired Cost, normal purchase price Full call number Accession Number Cost, replacement price Price effective from Koha item type
        Sree Sankaracharya University of Sanskrit Sree Sankaracharya University of Sanskrit 08.01.2015 100.00 294.5921 BHA/V 017030 0.00 08.01.2015 Book